[Event "Stay Safe Play From Home 272"]
[Site "Emanuel Lasker Arena"]
[Date "2020.07.02"]
[Round "8"]
[White "Jhhonnyy"]
[Black "Greblah"]
[Result "1-0"]
[WhiteElo "2306"]
[BlackElo "1884"]
[Annotator "TA"]
[PlyCount "29"]
[EventDate "2020.07.02"]
[EventType "swiss (blitz)"]

{[%evp 9,28,18,40,43,89,65,94,-29,193,188,193,178,191,175,238,228,711,724,1119,981,29999]} 1. d4 c6 2. c4 d5 3. Nf3 Nf6 4. Nbd2 Bf5 5. Nh4 Bg6 6. Qb3 {D11: Slav Defence: 3 Nf3 sidelines and 3...Nf6 4 e3 Bg4.} Qb6 {[#]} 7. Qh3 $1 ({Of course not} 7. Nxg6 $6 hxg6 8. g3 Qxb3 $11) 7... Nbd7 {[#]} 8. e3 $146 (8. c5 $16 Qc7 9. Nxg6 fxg6 10. Nf3) ({Predecessor:} 8. Nxg6 fxg6 9. e3 c5 10. dxc5 Nxc5 11. cxd5 Nxd5 12. Bc4 e6 13. O-O Be7 14. Nb3 Nxb3 15. Bxb3 {1-0 (24) Fridman,D (2600)-Nigalidze,G (2494) Warsaw 2013}) 8... e6 $2 {This move loses the game for Black.} (8... Bc2 $11 {and Black stays safe.} 9. Nhf3 Qa5) 9. Nxg6 $18 fxg6 10. Qxe6+ Be7 11. Bd3 dxc4 (11... c5 $142 12. cxd5 cxd4) 12. Nxc4 ({Don't take} 12. Bxc4 Rf8) 12... Qb4+ $2 {[#]} (12... Qc7 13. Bd2 Nf8) 13. Bd2 Qa4 14. Nd6+ Kf8 15. Qf7# {Accuracy: White = 71%, Black =  5%.} 1-0

[Event "Stay Safe Play From Home 272"]
[Site "Emanuel Lasker Arena"]
[Date "2020.07.02"]
[Round "8"]
[White "SoulofWolf"]
[Black "Metehun"]
[Result "1/2-1/2"]
[WhiteElo "2222"]
[BlackElo "2450"]
[PlyCount "149"]
[EventDate "2020.07.02"]
[EventType "swiss (blitz)"]

1. e4 {[%emt 0:00:01]} c5 {[%emt 0:00:01]} 2. Nc3 {[%emt 0:00:00]} e6 {[%emt 0:00:01]} 3. f4 {[%emt 0:00:00]} Nc6 {[%emt 0:00:01]} 4. Nf3 {[%emt 0:00:00]} d5 {[%emt 0:00:00]} 5. exd5 {[%emt 0:00:00]} exd5 {[%emt 0:00:01]} 6. d3 {[%emt 0:00:01]} Nf6 {[%emt 0:00:01]} 7. Be2 {[%emt 0:00:00]} Be7 {[%emt 0:00:00]} 8. O-O {[%emt 0:00:00]} O-O {[%emt 0:00:00]} 9. Bd2 {[%emt 0:00:00]} Re8 {[%emt 0:00:00]} 10. Kh1 {[%emt 0:00:01]} Bf8 {[%emt 0:00:00]} 11. a3 {[%emt 0:00:01]} d4 {[%emt 0:00:00]} 12. Na2 {[%emt 0:00:04]} Nd5 {[%emt 0:00:00]} 13. c3 {[%emt 0:00:02]} Ne3 {[%emt 0:00:01]} 14. Bxe3 {[%emt 0:00:01]} Rxe3 {[%emt 0:00:00]} 15. Qd2 {[%emt 0:00:03]} Bf5 {[%emt 0:00:03]} 16. Rae1 {[%emt 0:00:02]} Qd7 {[%emt 0:00:01]} 17. Nc1 {[%emt 0:00:01]} Rae8 {[%emt 0:00:01]} 18. Bd1 {[%emt 0:00:03]} h6 {[%emt 0:00:01]} 19. Re2 {[%emt 0:00:02]} Rxe2 {[%emt 0:00:02]} 20. Bxe2 {[%emt 0:00:01]} Bd6 {[%emt 0:00:01]} 21. g3 {[%emt 0:00:01]} Re3 {[%emt 0:00:01]} 22. Ng1 {[%emt 0:00:03]} Qe7 {[%emt 0:00:05]} 23. Bf3 {[%emt 0:00:01]} Bd7 {[%emt 0:00:01]} 24. Bg2 {[%emt 0:00:01]} b6 {[%emt 0:00:02]} 25. Nce2 {[%emt 0:00:01]} Bg4 {[%emt 0:00:02]} 26. Nc1 {[%emt 0:00:01]} Bd7 {[%emt 0:00:01]} 27. Nce2 {[%emt 0:00:01]} f5 {[%emt 0:00:05]} 28. Nc1 {[%emt 0:00:01]} Qf6 {[%emt 0:00:01]} 29. Nge2 {[%emt 0:00:01]} Kh7 {[%emt 0:00:01]} 30. Ng1 {[%emt 0:00:00]} Ne7 {[%emt 0:00:01]} 31. Nf3 {[%emt 0:00:00]} Bc6 {[%emt 0:00:01]} 32. Rf2 {[%emt 0:00:03]} Nd5 {[%emt 0:00:01]} 33. c4 {[%emt 0:00:01]} Ne7 {[%emt 0:00:01]} 34. Ne2 {[%emt 0:00:01]} Ng6 {[%emt 0:00:01]} 35. Neg1 {[%emt 0:00:00]} Qe7 {[%emt 0:00:01]} 36. Re2 {[%emt 0:00:01]} Rxe2 {[%emt 0:00:01]} 37. Nxe2 {[%emt 0:00:00]} Qe3 {[%emt 0:00:01]} 38. Qxe3 {[%emt 0:00:01]} dxe3 {[%emt 0:00:00]} 39. Kg1 {[%emt 0:00:01]} Ne7 {[%emt 0:00:01]} 40. Kf1 {[%emt 0:00:01]} Kg6 {[%emt 0:00:01]} 41. Nc3 {[%emt 0:00:01]} Kf6 {[%emt 0:00:00]} 42. Ke2 {[%emt 0:00:01]} g5 {[%emt 0:00:01]} 43. fxg5+ {[%emt 0:00:03]} hxg5 {[%emt 0:00:01]} 44. h3 {[%emt 0:00:01]} f4 {[%emt 0:00:01]} 45. h4 {[%emt 0:00:01]} fxg3 {[%emt 0:00:01]} 46. hxg5+ {[%emt 0:00:01]} Kf5 {[%emt 0:00:00]} 47. Kxe3 {[%emt 0:00:00]} Bf4+ {[%emt 0:00:01]} 48. Ke2 {[%emt 0:00:01]} Ng6 {[%emt 0:00:00]} 49. Ne4 {[%emt 0:00:01]} Bxe4 {[%emt 0:00:01]} 50. dxe4+ {[%emt 0:00:00]} Kg4 {[%emt 0:00:00]} 51. Ng1 {[%emt 0:00:02]} Ne5 {[%emt 0:00:01]} 52. Bf3+ {[%emt 0:00:00]} Kxg5 {[%emt 0:00:01]} 53. Bg2 {[%emt 0:00:01]} Nxc4 {[%emt 0:00:00]} 54. Bf3 {[%emt 0:00:00]} Nxb2 {[%emt 0:00:00]} 55. Bg2 {[%emt 0:00:00]} Nc4 {[%emt 0:00:00]} 56. Kf3 {[%emt 0:00:00]} Nxa3 {[%emt 0:00:00]} 57. Ke2 {[%emt 0:00:00]} Nc4 {[%emt 0:00:00]} 58. Nf3+ {[%emt 0:00:00]} Kf6 {[%emt 0:00:02]} 59. Kd3 {[%emt 0:00:00]} Ne5+ {[%emt 0:00:00]} 60. Nxe5 {[%emt 0:00:01]} Kxe5 {[%emt 0:00:00]} 61. Ke2 {[%emt 0:00:00]} c4 {[%emt 0:00:00]} 62. Bf3 {[%emt 0:00:00]} b5 {[%emt 0:00:00]} 63. Kd1 {[%emt 0:00:00]} b4 {[%emt 0:00:00]} 64. Kc2 {[%emt 0:00:00]} c3 {[%emt 0:00:00]} 65. Kb3 {[%emt 0:00:01]} Kd4 {[%emt 0:00:00]} 66. Kc2 {[%emt 0:00:00]} Ke3 {[%emt 0:00:00]} 67. Bg2 {[%emt 0:00:00]} Kf2 {[%emt 0:00:01]} 68. Bh1 {[%emt 0:00:00]} g2 {[%emt 0:00:00]} 69. Bxg2 {[%emt 0:00:00]} Kxg2 {[%emt 0:00:00]} 70. Kb3 {[%emt 0:00:00]} Be5 {[%emt 0:00:00]} 71. Kc4 {[%emt 0:00:01]} Kf3 {[%emt 0:00:00]} 72. Kb3 {[%emt 0:00:00]} Ke3 {[%emt 0:00:00]} 73. Kc4 {[%emt 0:00:00]} Kxe4 {[%emt 0:00:00]} 74. Kb3 {[%emt 0:00:00]} c2 {[%emt 0:00:00]} 75. Kxc2 {[%emt 0:00:00] Time (Lag: Av=0.43s, max=1.1s)} 1/2-1/2

[Event "Stay Safe Play From Home 272"]
[Site "Emanuel Lasker Arena"]
[Date "2020.07.02"]
[Round "8"]
[White "Bardellosport"]
[Black "Uber_WING"]
[Result "0-1"]
[WhiteElo "1955"]
[BlackElo "2421"]
[PlyCount "120"]
[EventDate "2020.07.02"]
[EventType "swiss (blitz)"]

1. e4 {[%emt 0:00:01]} d5 {[%emt 0:00:01]} 2. d3 {[%emt 0:00:00]} dxe4 {[%emt 0:00:01]} 3. dxe4 {[%emt 0:00:00]} Qxd1+ {[%emt 0:00:00]} 4. Kxd1 {[%emt 0:00:00]} Nf6 {[%emt 0:00:00]} 5. Nd2 {[%emt 0:00:00]} Ng4 {[%emt 0:00:01]} 6. Nh3 {[%emt 0:00:01]} e5 {[%emt 0:00:01]} 7. f3 {[%emt 0:00:00]} Nf6 {[%emt 0:00:01]} 8. Bd3 {[%emt 0:00:00]} Nc6 {[%emt 0:00:01]} 9. Ke1 {[%emt 0:00:01]} Be6 {[%emt 0:00:00]} 10. Nf2 {[%emt 0:00:01]} h6 {[%emt 0:00:00]} 11. c3 {[%emt 0:00:01]} O-O-O {[%emt 0:00:00]} 12. Ke2 {[%emt 0:00:00]} a6 {[%emt 0:00:00]} 13. Rd1 {[%emt 0:00:01]} Bc5 {[%emt 0:00:01]} 14. Nf1 {[%emt 0:00:01]} Nd7 {[%emt 0:00:05]} 15. Be3 {[%emt 0:00:00]} Bxe3 {[%emt 0:00:01]} 16. Nxe3 {[%emt 0:00:00]} Nc5 {[%emt 0:00:00]} 17. Bc2 {[%emt 0:00:01]} Rxd1 {[%emt 0:00:02]} 18. Rxd1 {[%emt 0:00:01]} h5 {[%emt 0:00:00]} 19. h3 {[%emt 0:00:01]} h4 {[%emt 0:00:01]} 20. Nd5 {[%emt 0:00:01]} Rd8 {[%emt 0:00:02]} 21. c4 {[%emt 0:00:02]} Nd4+ {[%emt 0:00:01]} 22. Kd2 {[%emt 0:00:01]} Bxd5 {[%emt 0:00:02]} 23. cxd5 {[%emt 0:00:01]} c6 {[%emt 0:00:01]} 24. dxc6 {[%emt 0:00:01]} bxc6 {[%emt 0:00:05]} 25. Kc1 {[%emt 0:00:00]} Ne2+ {[%emt 0:00:02]} 26. Kb1 {[%emt 0:00:02]} Nf4 {[%emt 0:00:00]} 27. Rxd8+ {[%emt 0:00:01]} Kxd8 {[%emt 0:00:00]} 28. Ng4 {[%emt 0:00:01]} f6 {[%emt 0:00:02]} 29. Ne3 {[%emt 0:00:02]} Nxg2 {[%emt 0:00:02]} 30. Nxg2 {[%emt 0:00:02]} g5 {[%emt 0:00:01]} 31. Ne3 {[%emt 0:00:02]} Ne6 {[%emt 0:00:00]} 32. Bb3 {[%emt 0:00:02]} Nf4 {[%emt 0:00:01]} 33. Bc4 {[%emt 0:00:01]} a5 {[%emt 0:00:01]} 34. a3 {[%emt 0:00:01]} Nxh3 {[%emt 0:00:01]} 35. b4 {[%emt 0:00:01]} axb4 {[%emt 0:00:01]} 36. axb4 {[%emt 0:00:00]} Nf4 {[%emt 0:00:00]} 37. Bf1 {[%emt 0:00:04]} h3 {[%emt 0:00:01]} 38. Ng4 {[%emt 0:00:01]} Ke7 {[%emt 0:00:02]} 39. Kb2 {[%emt 0:00:01]} Ke6 {[%emt 0:00:01]} 40. Kb3 {[%emt 0:00:00]} f5 {[%emt 0:00:00]} 41. exf5+ {[%emt 0:00:01]} Kxf5 {[%emt 0:00:00]} 42. Kc4 {[%emt 0:00:00]} e4 {[%emt 0:00:01]} 43. fxe4+ {[%emt 0:00:01]} Kxg4 {[%emt 0:00:01]} 44. Kc5 {[%emt 0:00:01]} h2 {[%emt 0:00:01]} 45. Kxc6 {[%emt 0:00:01]} h1=Q {[%emt 0:00:01]} 46. b5 {[%emt 0:00:00]} Qxe4+ {[%emt 0:00:01]} 47. Kc7 {[%emt 0:00:01]} Qb4 {[%emt 0:00:01]} 48. b6 {[%emt 0:00:00]} Nd5+ {[%emt 0:00:00]} 49. Kb8 {[%emt 0:00:01]} Nxb6 {[%emt 0:00:00]} 50. Kb7 {[%emt 0:00:01]} Nd7+ {[%emt 0:00:01]} 51. Ka7 {[%emt 0:00:00]} Ne5 {[%emt 0:00:00]} 52. Ka6 {[%emt 0:00:01]} Qa3+ {[%emt 0:00:01]} 53. Kb5 {[%emt 0:00:01]} Qc1 {[%emt 0:00:00]} 54. Bc4 {[%emt 0:00:01]} Qxc4+ {[%emt 0:00:01]} 55. Ka5 {[%emt 0:00:01]} Qb3 {[%emt 0:00:01]} 56. Ka6 {[%emt 0:00:01]} Kf4 {[%emt 0:00:00]} 57. Ka7 {[%emt 0:00:00]} Ke4 {[%emt 0:00:00]} 58. Ka8 {[%emt 0:00:00]} Kd5 {[%emt 0:00:00]} 59. Ka7 {[%emt 0:00:00]} Kc6 {[%emt 0:00:00]} 60. Ka8 {[%emt 0:00:00]} Qb7# {[%emt 0:00:01] (Lag: Av=0.25s, max=0.8s)} 0-1

[Event "Stay Safe Play From Home 272"]
[Site "Emanuel Lasker Arena"]
[Date "2020.07.02"]
[Round "8"]
[White "NeatFox"]
[Black "Klasman"]
[Result "1-0"]
[WhiteElo "1905"]
[BlackElo "1357"]
[PlyCount "41"]
[EventDate "2020.07.02"]
[EventType "swiss (blitz)"]

1. g4 {[%emt 0:00:01]} d5 {[%emt 0:00:02]} 2. Bg2 {[%emt 0:00:00]} Bxg4 {[%emt 0:00:02]} 3. c4 {[%emt 0:00:00]} e6 {[%emt 0:00:04]} 4. cxd5 {[%emt 0:00:01]} exd5 {[%emt 0:00:01]} 5. Qb3 {[%emt 0:00:01]} Bd6 {[%emt 0:00:11]} 6. Qxb7 {[%emt 0:00:04]} Nd7 {[%emt 0:00:04]} 7. Qxd5 {[%emt 0:00:01]} Be6 {[%emt 0:00:03]} 8. Qxa8 {[%emt 0:00:01]} Qxa8 {[%emt 0:00:02]} 9. Bxa8 {[%emt 0:00:00]} Ngf6 {[%emt 0:00:02]} 10. Bg2 {[%emt 0:00:01]} O-O {[%emt 0:00:01]} 11. Nc3 {[%emt 0:00:00]} Nc5 {[%emt 0:00:04]} 12. Nf3 {[%emt 0:00:01]} Nce4 {[%emt 0:00:03]} 13. Nxe4 {[%emt 0:00:02]} Nxe4 {[%emt 0:00:01]} 14. d3 {[%emt 0:00:00]} Bb4+ {[%emt 0:00:02]} 15. Bd2 {[%emt 0:00:02]} Nxd2 {[%emt 0:00:03]} 16. Nxd2 {[%emt 0:00:00]} Rb8 {[%emt 0:00:07]} 17. a3 {[%emt 0:00:01]} Bd6 {[%emt 0:00:03]} 18. b4 {[%emt 0:00:01]} a5 {[%emt 0:00:01]} 19. Rb1 {[%emt 0:00:01]} axb4 {[%emt 0:00:02]} 20. axb4 {[%emt 0:00:00]} Bxb4 {[%emt 0:00:01]} 21. Kd1 {[%emt 0:00:02] Time (Lag: Av=0.41s, max=0.5s)} 1-0

[Event "Stay Safe Play From Home 272"]
[Site "Emanuel Lasker Arena"]
[Date "2020.07.02"]
[Round "8"]
[White "Bishop91"]
[Black "Trotsky"]
[Result "0-1"]
[WhiteElo "1636"]
[BlackElo "1581"]
[Annotator "NA"]
[PlyCount "32"]
[EventDate "2020.07.02"]
[EventType "swiss (blitz)"]

1. d4 {[%emt 0:00:01]} d5 {[%emt 0:00:01]} 2. Nf3 {[%emt 0:00:01]} e6 {[%emt 0:00:00]} 3. Bf4 {[%emt 0:00:01]} c5 {[%emt 0:00:01]} 4. Nc3 {[%emt 0:00:01]} Nc6 {[%emt 0:00:01]} 5. e3 {[%emt 0:00:01]} c4 {[%emt 0:00:01]} 6. Be2 {[%emt 0:00:01]} a6 {[%emt 0:00:00]} 7. O-O {[%emt 0:00:00]} Bd6 {[%emt 0:00:02]} 8. a3 {[%emt 0:00:00]} Qc7 {[%emt 0:00:01]} 9. Bxd6 {[%emt 0:00:01]} Qxd6 {[%emt 0:00:01]} 10. Ne5 {[%emt 0:00:01]} Nf6 {[%emt 0:00:01]} 11. Nxc6 {[%emt 0:00:01]} bxc6 {[%emt 0:00:01]} 12. Bf3 {[%emt 0:00:02]} h5 {[%emt 0:00:01]} 13. e4 {[%emt 0:00:01]} Ng4 {[%emt 0:00:02]} 14. h3 {[%emt 0:00:01]} f6 {[%emt 0:00:02]} 15. hxg4 {[%emt 0:00:02]} hxg4 {[%emt 0:00:01]} 16. Bxg4 {[%emt 0:00:00]} Qh2# {[%emt 0:00:01] (Lag: Av=0.23s, max=0.7s)} 0-1

[Event "Stay Safe Play From Home 272"]
[Site "Emanuel Lasker Arena"]
[Date "2020.07.02"]
[Round "9"]
[White "Metehun"]
[Black "Chase the sun"]
[Result "1-0"]
[WhiteElo "2441"]
[BlackElo "1892"]
[PlyCount "51"]
[EventDate "2020.07.02"]
[EventType "swiss (blitz)"]

1. d4 {[%emt 0:00:01]} e6 {[%emt 0:00:15]} 2. Nf3 {[%emt 0:00:01]} f5 {[%emt 0:00:01]} 3. g3 {[%emt 0:00:01]} Nf6 {[%emt 0:00:00]} 4. Bg2 {[%emt 0:00:00]} Be7 {[%emt 0:00:00]} 5. O-O {[%emt 0:00:01]} O-O {[%emt 0:00:01]} 6. c4 {[%emt 0:00:00]} d6 {[%emt 0:00:00]} 7. b3 {[%emt 0:00:00]} Qe8 {[%emt 0:00:01]} 8. Bb2 {[%emt 0:00:00]} Nc6 {[%emt 0:00:00]} 9. Nc3 {[%emt 0:00:01]} Bd8 {[%emt 0:00:00]} 10. Re1 {[%emt 0:00:01]} e5 {[%emt 0:00:00]} 11. dxe5 {[%emt 0:00:02]} dxe5 {[%emt 0:00:00]} 12. Nd5 {[%emt 0:00:01]} e4 {[%emt 0:00:01]} 13. Bxf6 {[%emt 0:00:02]} Bxf6 {[%emt 0:00:02]} 14. Nxc7 {[%emt 0:00:01]} Qh5 {[%emt 0:00:02]} 15. Nxa8 {[%emt 0:00:01]} Bxa1 {[%emt 0:00:01]} 16. Qxa1 {[%emt 0:00:01]} exf3 {[%emt 0:00:01]} 17. Bxf3 {[%emt 0:00:01]} Qh6 {[%emt 0:00:02]} 18. Nc7 {[%emt 0:00:01]} f4 {[%emt 0:00:02]} 19. Nd5 {[%emt 0:00:01]} fxg3 {[%emt 0:00:01]} 20. hxg3 {[%emt 0:00:01]} Bf5 {[%emt 0:00:02]} 21. b4 {[%emt 0:00:03]} g5 {[%emt 0:00:05]} 22. b5 {[%emt 0:00:01]} g4 {[%emt 0:00:02]} 23. bxc6 {[%emt 0:00:02]} gxf3 {[%emt 0:00:01]} 24. Ne7+ {[%emt 0:00:01]} Kf7 {[%emt 0:00:03]} 25. Nxf5 {[%emt 0:00:01]} Qg5 {[%emt 0:00:00]} 26. Nd6+ {[%emt 0:00:03] Chase the sun gibt auf (Lag: Av=0.44s, max=0.5s)} 1-0

[Event "Stay Safe Play From Home 272"]
[Site "Emanuel Lasker Arena"]
[Date "2020.07.02"]
[Round "9"]
[White "Mepe_Nika"]
[Black "NeatFox"]
[Result "1-0"]
[WhiteElo "2387"]
[BlackElo "1906"]
[PlyCount "113"]
[EventDate "2020.07.02"]
[EventType "swiss (blitz)"]

1. d4 {[%emt 0:00:00]} d5 {[%emt 0:00:01]} 2. Bf4 {[%emt 0:00:00]} e6 {[%emt 0:00:00]} 3. e3 {[%emt 0:00:00]} c5 {[%emt 0:00:00]} 4. c3 {[%emt 0:00:01]} cxd4 {[%emt 0:00:00]} 5. cxd4 {[%emt 0:00:01]} Nc6 {[%emt 0:00:00]} 6. Nc3 {[%emt 0:00:00]} Bd6 {[%emt 0:00:01]} 7. Bxd6 {[%emt 0:00:01]} Qxd6 {[%emt 0:00:00]} 8. Nf3 {[%emt 0:00:00]} Nf6 {[%emt 0:00:01]} 9. Bd3 {[%emt 0:00:00]} O-O {[%emt 0:00:01]} 10. Rc1 {[%emt 0:00:00]} Bd7 {[%emt 0:00:01]} 11. O-O {[%emt 0:00:00]} a6 {[%emt 0:00:01]} 12. Bb1 {[%emt 0:00:00]} g6 {[%emt 0:00:02]} 13. Qd3 {[%emt 0:00:02]} Nb4 {[%emt 0:00:01]} 14. Qe2 {[%emt 0:00:01]} Ne4 {[%emt 0:00:02]} 15. Nxe4 {[%emt 0:00:03]} dxe4 {[%emt 0:00:00]} 16. Nd2 {[%emt 0:00:01]} f5 {[%emt 0:00:02]} 17. Nc4 {[%emt 0:00:01]} Qe7 {[%emt 0:00:03]} 18. Ne5 {[%emt 0:00:01]} Nc6 {[%emt 0:00:02]} 19. Rfd1 {[%emt 0:00:03]} Nxe5 {[%emt 0:00:01]} 20. dxe5 {[%emt 0:00:00]} Bc6 {[%emt 0:00:01]} 21. a3 {[%emt 0:00:02]} Bd5 {[%emt 0:00:01]} 22. Rc3 {[%emt 0:00:02]} Qg7 {[%emt 0:00:02]} 23. Rdc1 {[%emt 0:00:01]} Qxe5 {[%emt 0:00:01]} 24. g3 {[%emt 0:00:02]} Rf7 {[%emt 0:00:01]} 25. Bc2 {[%emt 0:00:01]} Raf8 {[%emt 0:00:02]} 26. Ba4 {[%emt 0:00:01]} Kg7 {[%emt 0:00:01]} 27. Qc2 {[%emt 0:00:02]} b5 {[%emt 0:00:02]} 28. Bb3 {[%emt 0:00:01]} a5 {[%emt 0:00:02]} 29. Bxd5 {[%emt 0:00:03]} exd5 {[%emt 0:00:00]} 30. Rc5 {[%emt 0:00:01]} Rb7 {[%emt 0:00:01]} 31. Rd1 {[%emt 0:00:01]} Rd8 {[%emt 0:00:02]} 32. Qd2 {[%emt 0:00:00]} b4 {[%emt 0:00:05]} 33. Rxd5 {[%emt 0:00:04]} Rxd5 {[%emt 0:00:01]} 34. Qxd5 {[%emt 0:00:00]} Qxd5 {[%emt 0:00:01]} 35. Rxd5 {[%emt 0:00:00]} bxa3 {[%emt 0:00:00]} 36. bxa3 {[%emt 0:00:00]} a4 {[%emt 0:00:02]} 37. Ra5 {[%emt 0:00:02]} Rb1+ {[%emt 0:00:05]} 38. Kg2 {[%emt 0:00:01]} Rb3 {[%emt 0:00:01]} 39. Rxa4 {[%emt 0:00:01]} Rb1 {[%emt 0:00:01]} 40. Ra6 {[%emt 0:00:01]} Kh6 {[%emt 0:00:00]} 41. h4 {[%emt 0:00:01]} Ra1 {[%emt 0:00:00]} 42. a4 {[%emt 0:00:01]} Ra3 {[%emt 0:00:01]} 43. a5 {[%emt 0:00:01]} Ra2 {[%emt 0:00:00]} 44. Ra7 {[%emt 0:00:01]} Ra3 {[%emt 0:00:00]} 45. a6 {[%emt 0:00:01]} Ra2 {[%emt 0:00:00]} 46. Ra8 {[%emt 0:00:00]} Ra3 {[%emt 0:00:00]} 47. Kf1 {[%emt 0:00:01]} Ra2 {[%emt 0:00:00]} 48. Ke1 {[%emt 0:00:01]} Ra1+ {[%emt 0:00:00]} 49. Ke2 {[%emt 0:00:02]} Ra2+ {[%emt 0:00:00]} 50. Kf1 {[%emt 0:00:00]} Ra1+ {[%emt 0:00:00]} 51. Kg2 {[%emt 0:00:00]} Ra2 {[%emt 0:00:00]} 52. g4 {[%emt 0:00:01]} Ra4 {[%emt 0:00:00]} 53. g5+ {[%emt 0:00:01]} Kh5 {[%emt 0:00:01]} 54. Kg3 {[%emt 0:00:00]} h6 {[%emt 0:00:01]} 55. Rh8 {[%emt 0:00:01]} f4+ {[%emt 0:00:03]} 56. exf4 {[%emt 0:00:01]} Ra3+ {[%emt 0:00:00]} 57. Kg2 {[%emt 0:00:00] Zeit (Lag: Av=0.48s, max=1.1s)} 1-0

[Event "Stay Safe Play From Home 272"]
[Site "Emanuel Lasker Arena"]
[Date "2020.07.02"]
[Round "9"]
[White "BrainThinker22"]
[Black "Jhhonnyy"]
[Result "1-0"]
[WhiteElo "2290"]
[BlackElo "2309"]
[Annotator "NA"]
[PlyCount "81"]
[EventDate "2020.07.02"]
[EventType "swiss (blitz)"]

1. e4 {[%emt 0:00:01]} c5 {[%emt 0:00:01]} 2. Nc3 {[%emt 0:00:01]} e6 {[%emt 0:00:00]} 3. g3 {[%emt 0:00:00]} Nc6 {[%emt 0:00:01]} 4. Bg2 {[%emt 0:00:00]} d6 {[%emt 0:00:01]} 5. d3 {[%emt 0:00:00]} g6 {[%emt 0:00:00]} 6. Be3 {[%emt 0:00:00]} Bg7 {[%emt 0:00:00]} 7. Qd2 {[%emt 0:00:00]} Rb8 {[%emt 0:00:01]} 8. Nge2 {[%emt 0:00:00]} b5 {[%emt 0:00:00]} 9. a3 {[%emt 0:00:00]} a5 {[%emt 0:00:01]} 10. O-O {[%emt 0:00:01]} b4 {[%emt 0:00:00]} 11. axb4 {[%emt 0:00:00]} axb4 {[%emt 0:00:00]} 12. Nd1 {[%emt 0:00:00]} Bd7 {[%emt 0:00:02]} 13. c3 {[%emt 0:00:01]} bxc3 {[%emt 0:00:01]} 14. bxc3 {[%emt 0:00:00]} Qc7 {[%emt 0:00:02]} 15. f4 {[%emt 0:00:01]} Nge7 {[%emt 0:00:01]} 16. e5 {[%emt 0:00:01]} dxe5 {[%emt 0:00:01]} 17. Bxc5 {[%emt 0:00:00]} O-O {[%emt 0:00:02]} 18. Ne3 {[%emt 0:00:07]} Rfe8 {[%emt 0:00:03]} 19. Rfb1 {[%emt 0:00:02]} exf4 {[%emt 0:00:02]} 20. Nxf4 {[%emt 0:00:01]} Rxb1+ {[%emt 0:00:00]} 21. Rxb1 {[%emt 0:00:00]} Ne5 {[%emt 0:00:02]} 22. Bb6 {[%emt 0:00:04]} Qc8 {[%emt 0:00:02]} 23. d4 {[%emt 0:00:01]} N5c6 {[%emt 0:00:02]} 24. Nc4 {[%emt 0:00:02]} Nf5 {[%emt 0:00:02]} 25. g4 {[%emt 0:00:02]} Nh4 {[%emt 0:00:05]} 26. Nd6 {[%emt 0:00:01]} Qd8 {[%emt 0:00:01]} 27. Bxd8 {[%emt 0:00:02]} Rxd8 {[%emt 0:00:01]} 28. Bxc6 {[%emt 0:00:02]} Bxc6 {[%emt 0:00:00]} 29. Qa2 {[%emt 0:00:07]} Rxd6 {[%emt 0:00:03]} 30. Rb8+ {[%emt 0:00:01]} Bf8 {[%emt 0:00:01]} 31. Qa3 {[%emt 0:00:00]} Nf3+ {[%emt 0:00:03]} 32. Kf2 {[%emt 0:00:01]} Kg7 {[%emt 0:00:02]} 33. Rxf8 {[%emt 0:00:01]} Rd7 {[%emt 0:00:02]} 34. Rc8 {[%emt 0:00:02]} Bd5 {[%emt 0:00:01]} 35. Qf8+ {[%emt 0:00:01]} Kf6 {[%emt 0:00:00]} 36. Nxd5+ {[%emt 0:00:00]} Rxd5 {[%emt 0:00:01]} 37. Kxf3 {[%emt 0:00:00]} Kg5 {[%emt 0:00:01]} 38. Qxf7 {[%emt 0:00:02]} h5 {[%emt 0:00:02]} 39. Qf4+ {[%emt 0:00:01]} Kh4 {[%emt 0:00:01]} 40. g5+ {[%emt 0:00:00]} Kh3 {[%emt 0:00:01]} 41. Qg3# {[%emt 0:00:00] (Lag: Av=0.56s, max=0.8s)} 1-0

[Event "Stay Safe Play From Home 272"]
[Site "Emanuel Lasker Arena"]
[Date "2020.07.02"]
[Round "9"]
[White "Haxhi Baha"]
[Black "Uber_WING"]
[Result "0-1"]
[WhiteElo "2056"]
[BlackElo "2423"]
[PlyCount "80"]
[EventDate "2020.07.02"]
[EventType "swiss (blitz)"]

1. e4 {[%emt 0:00:03]} d5 {[%emt 0:00:01]} 2. exd5 {[%emt 0:00:01]} Qxd5 {[%emt 0:00:00]} 3. Nc3 {[%emt 0:00:01]} Qd6 {[%emt 0:00:00]} 4. Bc4 {[%emt 0:00:02]} Nf6 {[%emt 0:00:00]} 5. Nge2 {[%emt 0:00:01]} a6 {[%emt 0:00:00]} 6. Bb3 {[%emt 0:00:01]} Nc6 {[%emt 0:00:01]} 7. d4 {[%emt 0:00:01]} Bg4 {[%emt 0:00:00]} 8. f3 {[%emt 0:00:01]} Bh5 {[%emt 0:00:01]} 9. Bf4 {[%emt 0:00:00]} Qd7 {[%emt 0:00:01]} 10. Qd2 {[%emt 0:00:01]} e6 {[%emt 0:00:01]} 11. h4 {[%emt 0:00:01]} h6 {[%emt 0:00:01]} 12. g4 {[%emt 0:00:01]} Bg6 {[%emt 0:00:00]} 13. h5 {[%emt 0:00:00]} Bh7 {[%emt 0:00:01]} 14. O-O-O {[%emt 0:00:00]} O-O-O {[%emt 0:00:01]} 15. g5 {[%emt 0:00:01]} hxg5 {[%emt 0:00:01]} 16. Bxg5 {[%emt 0:00:00]} Be7 {[%emt 0:00:00]} 17. h6 {[%emt 0:00:01]} gxh6 {[%emt 0:00:02]} 18. Bxh6 {[%emt 0:00:01]} Bg6 {[%emt 0:00:00]} 19. Bg7 {[%emt 0:00:01]} Rxh1 {[%emt 0:00:02]} 20. Rxh1 {[%emt 0:00:00]} Nxd4 {[%emt 0:00:02]} 21. Nxd4 {[%emt 0:00:02]} Qxd4 {[%emt 0:00:00]} 22. Qxd4 {[%emt 0:00:01]} Rxd4 {[%emt 0:00:00]} 23. Rh8+ {[%emt 0:00:02]} Kd7 {[%emt 0:00:01]} 24. Ne2 {[%emt 0:00:05]} Rd6 {[%emt 0:00:06]} 25. Nf4 {[%emt 0:00:02]} Bf5 {[%emt 0:00:01]} 26. Rh6 {[%emt 0:00:07]} Ng8 {[%emt 0:00:02]} 27. Rh8 {[%emt 0:00:01]} Nf6 {[%emt 0:00:02]} 28. Rh6 {[%emt 0:00:01]} Ne8 {[%emt 0:00:00]} 29. Be5 {[%emt 0:00:02]} Rc6 {[%emt 0:00:01]} 30. c3 {[%emt 0:00:01]} Bd6 {[%emt 0:00:01]} 31. Bxd6 {[%emt 0:00:02]} Nxd6 {[%emt 0:00:00]} 32. Ne2 {[%emt 0:00:01]} b5 {[%emt 0:00:02]} 33. Nd4 {[%emt 0:00:01]} Rc5 {[%emt 0:00:00]} 34. Bd1 {[%emt 0:00:01]} Ke7 {[%emt 0:00:01]} 35. Rh8 {[%emt 0:00:02]} e5 {[%emt 0:00:01]} 36. Nxf5+ {[%emt 0:00:01]} Nxf5 {[%emt 0:00:00]} 37. Ra8 {[%emt 0:00:01]} Rc6 {[%emt 0:00:00]} 38. Bc2 {[%emt 0:00:02]} Ne3 {[%emt 0:00:01]} 39. Be4 {[%emt 0:00:01]} Rd6 {[%emt 0:00:00]} 40. Ra7 {[%emt 0:00:01]} Rd1# {[%emt 0:00:01] (Lag: Av=0.45s, max=1.1s)} 0-1